Loading...
| Fine Arts - Other | 0 | 4 | 0 | 0 | 40 | 22 | 73.00 | 1 | 1 | 14.28 | 28.94 |
| Literature - British | 0 | 4 | 0 | 1 | 40 | 47 | 85.00 | 1 | 2 | 10.90 | 24.70 |
| Science - Other | 0 | 3 | 0 | 1 | 30 | 68 | 80.33 | 0 | 1 | 7.47 | 17.56 |
| Science - Physics | 0 | 2 | 0 | 0 | 20 | 51 | 61.50 | 0 | 0 | 7.00 | 9.00 |
| Religion | 0 | 2 | 2 | 1 | 10 | 80 | 95.50 | 0 | 0 | 2.79 | 9.00 |
| Social Science | 0 | 1 | 0 | 0 | 10 | 57 | 57.00 | 0 | 1 | 6.22 | 12.99 |
| History - Other | 0 | 1 | 0 | 0 | 10 | 75 | 75.00 | 0 | 0 | 2.86 | 7.00 |
| Mythology | 0 | 1 | 0 | 0 | 10 | 60 | 60.00 | 0 | 1 | 4.78 | 8.00 |
| Painting/Sculpture | 0 | 1 | 0 | 0 | 10 | 90 | 90.00 | 0 | 0 | 2.11 | 0.91 |
| Fine Arts - Classical Music | 0 | 1 | 0 | 0 | 10 | 126 | 126.00 | 0 | 0 | 0.53 | 1.00 |
| Science - Biology | 0 | 1 | 1 | 0 | 5 | 8 | 8.00 | 0 | 1 | 9.21 | 9.09 |
| Literature - European | 0 | 0 | 1 | 0 | -5 | 0.00 | 0 | 0 | 0.00 | 0.00 | |
| Science - Chemistry | 0 | 0 | 1 | 0 | -5 | 0.00 | 0 | 0 | 0.00 | 0.00 |